LEADER 02028nam a2200325 i 4500 001 000000243450 003 CaOOAMICUS 005 20230518121109.0 008 150706s1737 it u000 u lat u 026 $ad-mo i.ro i-it queo (3) 1737 (R) 040 $aSeMil$bita 100 0 $aPaulinus,$c.$0(OLS)http://semarc/name/1354 245 10$aSancti patris nostri Paulini patriarchae Aquileiensis Opera ex editis ineditisque primum collegit, notis, et dissertationibus illustravit, addita duplici actorum veterum appendice, Joannes Franciscus Madrisius Utinensis Congregationis Oratorii .. 260 $aVenetiis :$bEx Typographia Pitteriana,$c1737. 300 $a[8], Lx, 303, [1] p., [3] carte di tav. :$bill. calcogr. ;$cfol. 500 $aIniz. xilogr. 500 $aMarca editoriale: Aquila volge lo sguardo verso il sole. Motto su un cartiglio: Ad te levavi oculos meos qui habitas in coelis. 500 $aFregi figurati e finalini calcogr. 500 $aSegn.: [a]4 b-h4 i2 A-2N4 2O-2R2 500 $aA c. [a]3r ritratto calcogr. del dedicatario Daniele Dolfin patriarca di Aquileia 500 $aFront. stampato in rosso e nero 500 $aCors. ; gr. ; rom. 600 04$aPaolino II : di Aquileia .$0(OLS)http://semarc/subject/2840 700 1 $aMadrisio, Giovanni Francesco,$d<1683-1747>.$0(OLS)http://semarc/name/82196 700 1 $aPitteri, Francesco,$c.$0(OLS)http://semarc/name/2852 850 $aSeMil 852 $aSeMil$W1$xVenegono$y1$m2T VIII 1 FA$j193796$B193796$CSeMilBibl$Z2$F204500 $8I 996 $6245$aSancti patris nostri Paulini patriarchae Aquileiensis Opera ex editis ineditisque primum collegit, notis, et dissertationibus illustravit, addita duplici actorum veterum appendice, Joannes Franciscus Madrisius Utinensis Congregationis Oratorii ..$9(OLS)http://semarc/title/345313 996 $6260$aVenetiis :$bEx Typographia Pitteriana$9(OLS)http://semarc/publisher/54797 LEADER 01406nam a2200265 i 4500 001 000000150028 003 CaOOAMICUS 005 20060525000000.0 008 060525s2004 fr u000 u fre u 013 $a127360 040 $aSeMil$bita 100 1 $aMoussa Daoud, Ignace .$0(OLS)http://semarc/name/44392 245 10$a«Simon, Fils de Jean, M'aimes - Tu?» (Jn 21, 16) :$bPensées à l'occasion du cinquantiéme anniversaire de mon ordination sacerdotale /$cCardinal Moussa Daoud ; Traduit de l'arabe par Carol Cooke. 260 $a[S.l.] :$bFamille de Marie,$c[2004]$e(Goldach, CH :$fSchmid-Fehr AG ,$g[2004]) 300 $a190 p. :$b[1] ritratto ;$c22 cm. 500 $aDono del Card. Dionigi Tettamanzi. 650 4$aMeditazioni.$0(OLS)http://semarc/subject/1352 650 4$aBibbia - NT - Giovanni, 21,16.$0(OLS)http://semarc/subject/29348 700 1 $aCooke, Carol.$0(OLS)http://semarc/name/59229 850 $aSeMil 852 $aSeMil$W1$xVenegono$y1$m3F III 292$j102203$B102203$CSeMilBibl$Z2$F112076 $81 941 1 $a5 961 $aOmaggio: Tettamanzi Card. Dionigi 996 $6245$a«Simon, Fils de Jean, M'aimes - Tu?» (Jn 21, 16) :$bPensées à l'occasion du cinquantiéme anniversaire de mon ordination sacerdotale$9(OLS)http://semarc/title/219360 996 $6260$a[S.l.] :$bFamille de Marie$9(OLS)http://semarc/publisher/47915